000 00704nam a2200217Ia 4500
999 _c51247
_d51247
001 18207
003 GE_BSU
005 20250130154219.0
008 181216s2002||||enk|||||||||||||| ||eng||
020 _a9780471370529x
040 _cGE_BSU
080 _a005.93+640.41
100 _aRutherford, Denney G.
_924196
245 _aHotel management and operations /
_c Denney G. Rutherford; edited by: Denney G. Rutherford.
250 _aThird Edition
264 _aNew York :
_bJohn Wiley & Sons, Inc,
_c2002.
300 _a536 p,
_b ill. ;
_c24 cm.
653 _aსასტუმროს მართვა და ოპერაციები
653 _aტურიზმი
942 _cBK
_2udc